000 00283nam a2200109Ia 4500
008 190913s9999||||xx |||||||||||||| ||und||
100 _aLammle,Todd
245 0 _aCCNP Exam Notes:Advanced Cisco Router Configuration
260 _aUK
_bPrentice Hall
_c2001
300 _a779
942 _cBK
999 _c8288
_d8288